00487nam a2200181 a 4500001001300000003000900013005001700022008004100039020001300080082001400093100002100107245003300128260004700161300000900208500003500217505003000252650002300282nice12345678IN_TiNIC20260116013840.0050524s1969 chia grp 000 0 eng  ac1298.500a230bBRA2 aBrauer, Jerald C aFuture of Empirical Theology aChicagobUniversity of Chicago Pressc1969 a387p aincludes index and biblioraphy2 aBiographical Notes, Index aEmpirical Theology